| 000 | 01667nam a2200361 a 4500 | ||
|---|---|---|---|
| 001 | ebr10395610 | ||
| 003 | CaPaEBR | ||
| 006 | m u | ||
| 007 | cr cn||||||||| | ||
| 008 | 100303s2009 miua sb 001 0deng d | ||
| 010 | _z 2010277385 | ||
| 020 | _z9780472116324 (cloth : alk. paper) | ||
| 020 | _z0472116320 (cloth : alk. paper) | ||
| 020 | _z9780472026692 (e-book) | ||
| 040 |
_aCaPaEBR _cCaPaEBR |
||
| 035 | _a(OCoLC)651663573 | ||
| 050 | 1 | 4 |
_aPA3081 _b.B56 2009eb |
| 100 | 1 | _aBing, Peter. | |
| 245 | 1 | 4 |
_aThe scroll and the marble _h[electronic resource] : _bstudies in reading and reception in Hellenistic poetry / _cPeter Bing. |
| 246 | 1 | 3 | _aScroll & the marble |
| 260 |
_aAnn Arbor : _bUniversity of Michigan Press, _cc2009. |
||
| 300 |
_axii, 304 p. : _bill. |
||
| 504 | _aIncludes bibliographical references (p. 273-291) and indexes. | ||
| 505 | 0 | _apt. 1. Reader and voice in Callimachus and Hellenistic poetry -- pt. 2. Epigram and its audiences -- pt. 3. Inscription and bookroll in Posidippus. | |
| 533 |
_aElectronic reproduction. _bPalo Alto, Calif. : _cebrary, _d2013. _nAvailable via World Wide Web. _nAccess may be limited to ebrary affiliated libraries. |
||
| 600 | 0 | 0 |
_aCallimachus _xCriticism and interpretation. |
| 600 | 0 | 0 |
_aPosidippus, _cof Pella, _db. ca. 310 B.C. _xCriticism and interpretation. |
| 650 | 0 |
_aGreek poetry, Hellenistic _xHistory and criticism. |
|
| 650 | 0 |
_aEpigrams, Greek _xHistory and criticism. |
|
| 655 | 7 |
_aElectronic books. _2local |
|
| 710 | 2 | _aebrary, Inc. | |
| 856 | 4 | 0 |
_uhttp://site.ebrary.com/lib/rucke/Doc?id=10395610 _zAn electronic book accessible through the World Wide Web; click to view |
| 999 |
_c88323 _d88323 |
||